| 000 | 01437nam0a22003971 4500 | ||
|---|---|---|---|
| 001 | RU\NLR\A1\25051 | ||
| 005 | 20251203152403.2 | ||
| 035 | _a(NLR Aleph) 009679375 | ||
| 090 |
_a9695748 _c9695748 |
||
| 100 | _a19990113d1789 u y0rusy50 ca | ||
| 101 | 0 | _arus | |
| 102 | _aRU | ||
| 200 | 1 | _aЕротоиды | |
| 210 |
_a[СПб. _cТип. Акад. наук _d1789] |
||
| 215 |
_a84 с. _d16° |
||
| 304 | _aВ конце текста авт.: Николай Струйской | ||
| 306 | _aНапеч. на счет авт. на его бумаге | ||
| 310 | _aТираж 308 экз. | ||
| 314 | _aЗаставка и концовка грав. На заставке подпись: J.C.Nabholz s | ||
| 321 | 1 | _aСК XVIII 6928 | |
| 518 | 1 | _aЭротоиды | |
| 620 | _dСанкт-Петербург | ||
| 700 | 1 |
_6z02790 _aСтруйский _bН.Е. _f-1796 _gНиколай Еремеевич _4070 _4400 |
|
| 702 | 1 |
_6z01702 _aНабгольц _bИ.К. _f1752-1797 _gИоганн Кристоф _4070 |
|
| 702 | 1 |
_6z01702 _aNabholz _bJ.C. _gJohann Christoph _7ba |
|
| 712 | 0 | 2 |
_aАкадемическая типография _cСанкт-Петербург _4610 |
| 790 | 1 |
_6z02700 _aСтруйской _bН. _gНиколай |
|
| 801 | 0 |
_aRU _bNLR _c19990113 |
|
| 852 |
_aNLR _j330/90 |
||
| 899 | _aРГБ | ||
| 899 | _aБАН | ||
| 899 | _aГПИБ | ||
| 942 | _cBOOK | ||
| 980 | _aNB | ||
| 980 | _aA1XVIIIv | ||